00675nam a2200229 a 4500001001300000003000900013005001700022008004100039020002300080082001600103100002300119245003200142260003600174300000900210500003500219650001900254700002300273902000800296942000700304952011700311999001700428nice12345678IN_TiNIC20260116014446.0070501s2005 hara grp 000 0 eng  a8171943764 c40000a336.2bSIN2 aSinghania, Vinod K aDirect Taxes Ready Reckoner aHaryanabVinod Singhania c2005 a383p aincludes index and biblioraphy aTax Assessment1 aSinghania, Vinod K bSRC cBK 001040708StackRoom-aHMIbHMId2010-09-30g400.00l0o336.2 SIN2p021459r2010-09-30v400.00w2007-05-01yBK c15430d15430